| 000 | 00529nam a2200193 a 4500 | ||
|---|---|---|---|
| 005 | 20140414132131.0 | ||
| 008 | 130604s19uu xx 00 eng d | ||
| 020 | _a032869097x | ||
| 050 |
_aTR 372.4 _bF716 2011 |
||
| 100 | _aForesman, Scott | ||
| 245 | _aEnvision it! Handbook : Reading Street Grade 1. | ||
| 250 | _aInternational | ||
| 260 |
_aUnited States : _bPearson Education, _c201_?. |
||
| 300 | _a149 | ||
| 440 | _aReading Street | ||
| 650 | _aReading- | ||
| 650 | _aReading-study and teaching | ||
| 999 |
_c115276 _d115276 |
||